| 000 | 00718nam a2200229 a 4500 | ||
|---|---|---|---|
| 001 | 13840 | ||
| 003 | BD-JhCC | ||
| 005 | 20240422094607.0 | ||
| 008 | 240422b19741992b |||| | a| 000 0 b d | ||
| 020 | _a8170664942 | ||
| 035 | _a(BD-JhCC)13840 | ||
| 040 |
_aBD-JhCC _dBD-JhCC |
||
| 041 | _aBengali | ||
| 082 |
_a891.443 _bGAN 1992 |
||
| 100 | _a গঙ্গোপাধ্যায়, সুনীল | ||
| 245 |
_aএকা এবং কয়েকজন / _cসুনীল গঙ্গোপাধ্যায় । |
||
| 260 |
_aকলকাতা: _bআনন্দ পাবলিশার্স; _c1992. |
||
| 300 |
_a615 p. : _c22 cm. |
||
| 650 | _aBengali Novel | ||
| 942 |
_2ddc _cBK |
||
| 999 |
_c13840 _d13840 |
||